|
|
|
|
| LEADER |
00000nas a2200000 a 4500 |
| 001 |
vtls011774599 |
| 003 |
SK-MaSNL |
| 005 |
20260228164338.0 |
| 008 |
180824d20122014xo qr 0 0slo |
| 022 |
|
|
|a 1338-9173
|
| 040 |
|
|
|a SNK
|b slo
|c SNK
|e AACR2
|
| 041 |
0 |
0 |
|a slo
|
| 044 |
|
|
|a xo
|c SK
|
| 072 |
|
7 |
|a 656.2
|x Železničná doprava
|2 konspekt
|
| 080 |
|
|
|a 656.2
|2 2011
|
| 080 |
|
|
|a 050
|2 2011
|
| 080 |
|
|
|a 656.2.025.2
|2 2001
|
| 080 |
|
|
|a (085.3)
|2 2011
|
| 210 |
0 |
|
|a 500 - mag. IC vlakov
|
| 222 |
|
0 |
|a 500 - magazín do IC vlakov
|
| 245 |
0 |
0 |
|a Intercity 500
|b magazín pre Intercity vlaky Železničnej spoločnosti Slovensko
|
| 246 |
1 |
3 |
|a 500 Intercity
|
| 246 |
1 |
3 |
|a Päťsto Intercity
|
| 246 |
1 |
|
|a Nátov v tiráži :
|a IC 500
|
| 260 |
|
|
|a Bratislava
|b Železničná spoločnosť Slovensko
|c 2012-2014
|
| 300 |
|
|
|a 3 zv.
|c 27 cm
|
| 310 |
|
|
|a 4x ročne
|
| 362 |
|
|
|a Roč. 1, č. 1 (2012)-roč. 2, č. 1 (2013) ; roč. 2 (dec. 2014)
|z BA001/2016
|
| 500 |
|
|
|a V báze ISSN uvádzaná periodicita 4x ročne, ale zatiaľ vydávané iba 1x ročne
|
| 500 |
|
|
|a Popis podľa: december 2014
|
| 500 |
|
|
|a Podnázov v tiráži: magazín pre Intercity vlaky ZSSK
|
| 650 |
0 |
7 |
|a železničná doprava
|2 SNKPH
|9 3185
|
| 650 |
0 |
7 |
|a osobná železničná doprava
|2 SNKPH
|9 88590
|
| 655 |
|
7 |
|a firemné časopisy
|2 SNKPH
|9 76220
|
| 910 |
|
|
|a snk
|
| 958 |
|
|
|a OND
|
| 999 |
|
|
|c 13255
|d 15185
|
| 952 |
|
|
|0 0
|1 0
|4 0
|7 0
|8 0
|a SNK
|b SNK
|d 2018-08-24
|i snk2018/17361
|l 0
|o snkČSB 6748/2/2014
|p 17A1328179
|r 2026-02-21 21:43:33
|t č. dec.
|w 2026-02-21
|y PREZ
|